000 00804nam a2200205 a 4500
001 000258795
003 AM-YeHGA
005 20250618071732.0
008 030905s1981 ai ||||gr|||||||||1|arm|d
040 _aAM-YeHGA
041 0 _aarm
100 1 _aԲախտամյան, Հ.Ա.
245 1 0 _aԿարոտի ղողանջներ :
_b[Պատմվածքներ, մանրապատումներ : Դպրոցական միջին և բարձր տարիքի համար] /
_cՀ.Ա. Բախտամյան ; Խմբ.՝ Լ.Տ. Սարգսյան.
260 _aԵրևան :
_bՍովետական գրող,
_c1981.
300 _a36 էջ ;
_c16 սմ.
650 1 4 _aՀայ գրականություն
700 1 _aՍարգսյան, Լիպարիտ Տիգրանի,
_d1938-2023
_eխմբ.
_4edt
_91060
942 _2udc
_cBK
090 _c94683
999 _c93383
_d93383